000 00403nam a22001457a 4500
005 20170517102922.0
008 170517b xxu||||| |||| 00| 0 eng d
040 _cPK-LaUMT
082 _aZIAC 297
_bABI-M
100 _aAbi Al'ala Maododi
245 _aMubadi Islam/
_cAbi Al'ala Maododi
260 _aریاض:
_bالاتحاد الاسلامی العالمی،
_c1970
300 _a191 ص
942 _cBK
999 _c93670
_d93670